[Event "Lloyds Bank Masters 05th"]
[Site "London"]
[Date "1981.08.25"]
[Round "1.35"]
[White "Fischdick, Gisela"]
[Black "Bellin, Jana"]
[Result "1-0"]
[WhiteElo "2220"]
[BlackElo "2215"]
[PlyCount "69"]
[EventDate "1981.08.25"]
[EventType "swiss"]
[EventRounds "9"]
[EventCountry "ENG"]
[SourceTitle "BritBase"]
[Source "John Saunders"]
[SourceDate "2023.12.16"]
[SourceVersion "1"]
[SourceVersionDate "2023.12.16"]
[SourceQuality "1"]

1. e4 c5 2. Nf3 e6 3. d4 cxd4 4. Nxd4 a6 5. Bd3 Nf6 6. O-O d6 7. Qe2 Qc7 8. Kh1
Be7 9. f4 Nc6 10. Nxc6 bxc6 11. Nd2 Nd7 12. c4 O-O 13. Nf3 e5 14. f5 Bb7 15.
Bd2 a5 16. Rac1 Rfe8 17. g4 Qd8 18. g5 d5 19. f6 Bf8 20. fxg7 Bxg7 21. cxd5
cxd5 22. Nh4 Nf8 23. Bb5 dxe4 24. Be3 Ne6 25. Bxe8 Qxe8 26. Qg4 Nd4 27. Rc7 Bd5
28. b3 Qb5 29. Rc8+ Bf8 30. Rfc1 Qd3 31. g6 hxg6 32. Nxg6 fxg6 33. Qxg6+ Kh8
34. Rxf8+ Rxf8 35. Rg1 {N.B. Jana Bellin's name was Jana Miles at the time
this game was played.} 1-0

[Event "Lloyds Bank Masters 05th"]
[Site "London"]
[Date "1981.08.25"]
[Round "1.43"]
[White "Jordan, William J (Bill)"]
[Black "Freeman, Michael Joseph"]
[Result "0-1"]
[WhiteElo "2205"]
[BlackElo "2090"]
[PlyCount "85"]
[EventDate "1981.08.25"]
[EventType "swiss"]
[EventRounds "9"]
[EventCountry "ENG"]
[SourceTitle "BritBase"]
[Source "John Saunders"]
[SourceDate "2023.12.16"]
[SourceVersion "1"]
[SourceVersionDate "2023.12.16"]
[SourceQuality "1"]

1. g3 d5 2. Nf3 Nf6 3. Bg2 Bg4 4. O-O Nbd7 5. d3 e5 6. h3 Bxf3 7. Bxf3 Bd6 8.
e4 c6 9. exd5 cxd5 10. Nc3 Nb6 11. a4 a5 12. Bg5 Be7 13. Qe2 h6 14. Bd2 Bd6 15.
Bf4 O-O 16. Bxe5 Re8 17. Bxf6 Qxf6 18. Qd1 Re5 19. d4 Rg5 20. Kg2 Nc4 21. Nxd5
Qg6 22. g4 Rc8 23. Qe2 h5 24. Rh1 Nxb2 25. c4 hxg4 26. hxg4 Nd3 27. Be4 Rxg4+
28. Kf1 Qxe4 29. f3 Qxe2+ 30. Kxe2 Nf4+ 31. Kf2 Rg2+ 32. Kf1 Rd2 33. Ne3 Rxd4
34. Ra2 Ng6 35. Kf2 Bc5 36. Kg3 Re8 37. Nf5 Rxc4 38. Rah2 Re5 39. Rh5 Rc2 40.
Rd1 Bf2+ 41. Kg2 Nf4+ 42. Kf1 Nxh5 43. Rd8+ {Source: Bill Jordan. Contributed
by Paul Summers, 23 December 2022} 0-1

[Event "Lloyds Bank Masters 05th"]
[Site "London"]
[Date "1981.08.26"]
[Round "2"]
[White "Aristegui, Michel"]
[Black "Levitt, Jonathan P"]
[Result "0-1"]
[WhiteElo "2020"]
[BlackElo "2270"]
[PlyCount "90"]
[EventDate "1981.08.25"]
[EventType "swiss"]
[EventRounds "9"]
[EventCountry "ENG"]
[SourceTitle "BritBase"]
[Source "John Saunders"]
[SourceDate "2023.12.16"]
[SourceVersion "1"]
[SourceVersionDate "2023.12.16"]
[SourceQuality "1"]

1. d4 Nf6 2. c4 c5 3. d5 e5 4. Nc3 d6 5. g3 g6 6. Bg2 Bg7 7. Nf3 O-O 8. O-O Ne8
9. e4 Nd7 10. Ne1 f5 11. exf5 gxf5 12. f4 e4 13. Nc2 Ndf6 14. Ne3 h5 15. h4 Qe7
16. Bh3 Ng4 17. Bxg4 hxg4 18. Ne2 Bf6 19. Rb1 Qg7 20. b4 cxb4 21. Rxb4 Nc7 22.
Ba3 Rd8 23. Qb3 Na6 24. Rb5 b6 25. Bb2 Nc5 26. Bxf6 Qxf6 27. Qb2 Kf7 28. Qxf6+
Kxf6 29. Nd4 Bd7 30. Rbb1 Rdc8 31. Kg2 Rc7 32. Rh1 Rh8 33. Kf1 Nb7 34. Ke2 Na5
35. Rb4 Rhc8 36. Rc1 b5 37. Nxb5 Bxb5 38. Rxb5 Nxc4 39. Rxc4 Rxc4 40. Nxc4 Rxc4
41. Ra5 Rc3 42. Rxa7 Rxg3 43. a4 Rd3 44. a5 g3 45. Ra8 g2 0-1

[Event "Lloyds Bank Masters 05th"]
[Site "London"]
[Date "1981.08.26"]
[Round "2"]
[White "Arkell, Keith C"]
[Black "Gheorghiu, Florin"]
[Result "0-1"]
[WhiteElo "2235"]
[BlackElo "2560"]
[PlyCount "46"]
[EventDate "1981.08.25"]
[EventType "swiss"]
[EventRounds "9"]
[EventCountry "ENG"]
[SourceTitle "BritBase"]
[Source "John Saunders"]
[SourceDate "2023.12.16"]
[SourceVersion "1"]
[SourceVersionDate "2023.12.16"]
[SourceQuality "1"]

1. e4 c5 2. Nf3 e6 3. d4 cxd4 4. Nxd4 a6 5. Bd3 Nf6 6. O-O d6 7. c4 Be7 8. Nc3
O-O 9. Be3 Nbd7 10. f4 Re8 11. Qf3 g6 12. Rad1 Qc7 13. Rd2 b6 14. Rdf2 Bb7 15.
Nde2 Rad8 16. Rc1 Bf8 17. g4 Nc5 18. Bb1 d5 19. cxd5 exd5 20. b4 dxe4 21. Qg2
Nd3 22. Nd5 Qd6 23. Bxd3 Nxd5 0-1

[Event "Lloyds Bank Masters 05th"]
[Site "London"]
[Date "1981.08.26"]
[Round "2"]
[White "Arnason, Jon L"]
[Black "Popovych, Orest"]
[Result "1-0"]
[WhiteElo "2440"]
[BlackElo "2325"]
[PlyCount "69"]
[EventDate "1981.08.25"]
[EventType "swiss"]
[EventRounds "9"]
[EventCountry "ENG"]
[SourceTitle "BritBase"]
[Source "John Saunders"]
[SourceDate "2023.12.16"]
[SourceVersion "1"]
[SourceVersionDate "2023.12.16"]
[SourceQuality "1"]

1. e4 c5 2. Nf3 d6 3. d4 cxd4 4. Nxd4 Nf6 5. Nc3 a6 6. Bg5 Nbd7 7. a4 Qa5 8.
Qd2 e6 9. Be2 Be7 10. O-O h6 11. Be3 Nc5 12. b4 Qxb4 13. a5 e5 14. Rfb1 Ncxe4
15. Nxe4 Qxd2 16. Nxd2 exd4 17. Bxd4 d5 18. Bf3 O-O 19. c4 dxc4 20. Nxc4 Be6
21. Rxb7 Bxc4 22. Rxe7 Nd5 23. Re5 Rad8 24. Rc1 Bb3 25. Bb6 Rc8 26. Rxc8 Rxc8
27. h3 Nb4 28. Re4 Nd5 29. Rd4 Rc1+ 30. Kh2 Nf6 31. Bb7 Bc4 32. Rd8+ Kh7 33.
Rc8 ({Corrected from} 33. Be3 Rc3 34. Bd4 {1-0}) 33... Nd7 34. Be3 Rc3 35. Bd4
{Source: bulletin} 1-0

[Event "Lloyds Bank Masters 05th"]
[Site "London"]
[Date "1981.08.26"]
[Round "2"]
[White "Chandler, Murray G"]
[Black "Watson, William Nicholas"]
[Result "1-0"]
[WhiteElo "2530"]
[BlackElo "2340"]
[PlyCount "75"]
[EventDate "1981.08.25"]
[EventType "swiss"]
[EventRounds "9"]
[EventCountry "ENG"]
[SourceTitle "BritBase"]
[Source "John Saunders"]
[SourceDate "2023.12.16"]
[SourceVersion "1"]
[SourceVersionDate "2023.12.16"]
[SourceQuality "1"]

1. e4 c5 2. f4 e6 3. d3 Nc6 4. Nf3 d5 5. Qe2 Nf6 6. c3 c4 7. dxc4 dxe4 8. Ng5
e5 9. Nxe4 Be7 10. Nxf6+ Bxf6 11. Qf2 exf4 12. Bxf4 O-O 13. Be2 Nb4 14. Na3
Nd3+ 15. Bxd3 Qxd3 16. Qe3 Qxe3+ 17. Bxe3 Be6 18. c5 Rfc8 19. Nb5 Bg5 20. Bd4
Be7 21. Nd6 Bxd6 22. cxd6 f6 23. Bf2 g5 24. O-O f5 25. Rfe1 Kf7 26. Re5 Rc6 27.
Bc5 Kf6 28. Rae1 Bxa2 29. Bd4 Kg6 30. d7 Rd8 31. Re7 Rd6 32. Rg7+ Kh5 33. Rxh7+
Rh6 34. Ree7 Rxh7 35. Rxh7+ Kg6 36. Rg7+ Kh6 37. Bf6 Be6 38. Bxd8 1-0

[Event "Lloyds Bank Masters 05th"]
[Site "London"]
[Date "1981.08.26"]
[Round "2"]
[White "Conquest, Stuart C"]
[Black "Kraidman, Yair"]
[Result "1-0"]
[WhiteElo "2210"]
[BlackElo "2440"]
[PlyCount "85"]
[EventDate "1981.08.25"]
[EventType "swiss"]
[EventRounds "9"]
[EventCountry "ENG"]
[SourceTitle "BritBase"]
[Source "John Saunders"]
[SourceDate "2023.12.16"]
[SourceVersion "1"]
[SourceVersionDate "2023.12.16"]
[SourceQuality "1"]

1. d4 Nf6 2. c4 c5 3. d5 g6 4. Nc3 d6 5. e4 Bg7 6. f4 O-O 7. Nf3 e6 8. Be2 exd5
9. cxd5 Re8 10. Nd2 Na6 11. O-O Nc7 12. a4 a6 13. Re1 Rb8 14. a5 Bd7 15. Bf3
Bb5 16. Nf1 Nd7 17. Be3 Bxf1 18. Kxf1 Qh4 19. Kg1 f5 20. Qd2 Nb5 21. Nxb5 axb5
22. exf5 gxf5 23. Bf2 Qf6 24. Re6 Qf8 25. Rae1 Rec8 26. Bh4 Bd4+ 27. Kh1 Nf6
28. b4 Re8 29. Qd3 Rxe6 30. dxe6 Re8 31. Bxb7 Ng4 32. Re2 Qh6 33. g3 Qg7 34. a6
Be3 35. Rxe3 Nf2+ 36. Kg2 Nxd3 37. Rxd3 c4 38. Rxd6 Qb2+ 39. Kh3 Qf2 40. e7
Qf1+ 41. Bg2 Qe2 42. Bd5+ Kg7 43. Bf6+ 1-0

[Event "Lloyds Bank Masters 05th"]
[Site "London"]
[Date "1981.08.26"]
[Round "2"]
[White "Dlugy, Maxim"]
[Black "Ligterink, Gert"]
[Result "0-1"]
[WhiteElo "2350"]
[BlackElo "2450"]
[PlyCount "56"]
[EventDate "1981.08.25"]
[EventType "swiss"]
[EventRounds "9"]
[EventCountry "ENG"]
[SourceTitle "BritBase"]
[Source "John Saunders"]
[SourceDate "2023.12.16"]
[SourceVersion "1"]
[SourceVersionDate "2023.12.16"]
[SourceQuality "1"]

1. d4 Nf6 2. c4 e6 3. Nf3 b6 4. Bf4 Bb7 5. e3 Be7 6. h3 c5 7. Nc3 cxd4 8. Nxd4
O-O 9. Ndb5 Ne8 10. Nd6 Nxd6 11. Bxd6 Na6 12. Nb5 Bxd6 13. Nxd6 Bc6 14. Qd2 Nc5
15. b4 Ne4 16. Nxe4 Bxe4 17. Qd4 d5 18. f3 Qh4+ 19. Ke2 e5 20. Qxe5 Bg6 21. Rc1
dxc4 22. g3 Qd8 23. Rd1 Qc8 24. Kf2 c3 25. Rc1 c2 26. Rh2 Rd8 27. Be2 Rd2 28.
Ke1 Qd7 0-1

[Event "Lloyds Bank Masters 05th"]
[Site "London"]
[Date "1981.08.26"]
[Round "2"]
[White "Filipowicz, Leszek"]
[Black "Kinlay, Jonathan"]
[Result "0-1"]
[WhiteElo "2200"]
[BlackElo "2265"]
[PlyCount "74"]
[EventDate "1981.08.25"]
[EventType "swiss"]
[EventRounds "9"]
[EventCountry "ENG"]
[SourceTitle "BritBase"]
[Source "John Saunders"]
[SourceDate "2023.12.16"]
[SourceVersion "1"]
[SourceVersionDate "2023.12.16"]
[SourceQuality "1"]

1. e4 c5 2. Nf3 d6 3. d4 cxd4 4. Qxd4 Nc6 5. Bb5 Bd7 6. Bxc6 Bxc6 7. Nc3 Nf6 8.
Bg5 e6 9. O-O-O Be7 10. Rhe1 O-O 11. Qd2 Qc7 12. Nd4 Rfd8 13. f3 Rab8 14. g4 b5
15. Nce2 b4 16. Ng3 Rdc8 17. Nh5 Ne8 18. h4 Bf8 19. f4 Ba8 20. f5 e5 21. Nb3 f6
22. Bxf6 Nxf6 23. Nxf6+ gxf6 24. g5 Kh8 25. Kb1 a5 26. Re2 a4 27. Na1 a3 28.
gxf6 axb2 29. Nb3 Qc3 30. Qg5 Bxe4 31. Rdd2 Qf3 32. f7 Bg7 33. Rxe4 Qxe4 34.
Rg2 Qe1+ 35. Kxb2 Qc3+ 36. Kb1 e4 37. h5 Qb2# 0-1

[Event "Lloyds Bank Masters 05th"]
[Site "London"]
[Date "1981.08.26"]
[Round "2"]
[White "Hawkesworth, John C"]
[Black "Jordan, William J (Bill)"]
[Result "1-0"]
[WhiteElo "2220"]
[BlackElo "2205"]
[PlyCount "91"]
[EventDate "1981.08.25"]
[EventType "swiss"]
[EventRounds "9"]
[EventCountry "ENG"]
[SourceTitle "BritBase"]
[Source "John Saunders"]
[SourceDate "2023.12.16"]
[SourceVersion "1"]
[SourceVersionDate "2023.12.16"]
[SourceQuality "1"]

1. d4 d5 2. c4 e6 3. Nf3 Nf6 4. Nc3 c6 5. e3 Nbd7 6. Bd3 Bd6 7. O-O O-O 8. e4
dxe4 9. Nxe4 Nxe4 10. Bxe4 e5 11. dxe5 Nxe5 12. Nxe5 Bxe5 13. Bxh7+ Kxh7 14.
Qh5+ Kg8 15. Qxe5 Re8 16. Qc3 Bf5 17. Bf4 Qd3 18. Rac1 Rad8 19. Be3 Qe4 20.
Rfe1 Rd3 21. Qa5 Qg4 22. f3 Qg6 23. Bf4 Rxe1+ 24. Rxe1 Qf6 25. Qe5 Qxe5 26.
Rxe5 Be6 27. b3 Rc3 28. Re2 a5 29. Kf2 a4 30. Rb2 Bf5 31. Ke2 f6 32. Bd2 Rxf3
33. Be3 Rxe3+ 34. Kxe3 axb3 35. Rxb3 Bc8 36. Kd4 Kf7 37. Kc5 Ke6 38. Re3+ Kd7
39. a4 g5 40. Kb6 Kd6 41. a5 f5 42. Re8 Bd7 43. Rg8 g4 44. c5+ Kd5 45. Rd8 Ke6
46. Kc7 {Source: Bill Jordan. Contributed by Paul Summers, 23 December 2022}
1-0

[Event "Lloyds Bank Masters 05th"]
[Site "London"]
[Date "1981.08.26"]
[Round "2"]
[White "Hebden, Mark L"]
[Black "Iskov, Gert"]
[Result "1-0"]
[WhiteElo "2315"]
[BlackElo "2420"]
[PlyCount "51"]
[EventDate "1981.08.25"]
[EventType "swiss"]
[EventRounds "9"]
[EventCountry "ENG"]
[SourceTitle "BritBase"]
[Source "John Saunders"]
[SourceDate "2023.12.16"]
[SourceVersion "1"]
[SourceVersionDate "2023.12.16"]
[SourceQuality "1"]

1. e4 c6 2. d4 d5 3. exd5 cxd5 4. c4 Nf6 5. Nc3 e6 6. Nf3 Bb4 7. cxd5 exd5 8.
Ne5 (8. Bd3 O-O 9. Ne5 {is the move order given at chessgames.com}) 8... O-O 9.
Bd3 Nc6 10. Nxc6 (10. O-O Bd6 11. Nxc6 bxc6 {is the move order given at
chessgames.com}) 10... bxc6 11. O-O Bd6 12. Bg5 Rb8 13. b3 h6 14. Bh4 Re8 15.
Na4 Bd7 16. Rc1 Qc7 17. Bxf6 gxf6 18. Qh5 Kg7 19. Nc3 Ba3 20. Rc2 Qd6 21. Ne2
Rb4 22. Bf5 Bxf5 23. Qxf5 Qe6 24. Qh5 Qe4 25. Rc3 Rb7 26. Re3 {Source: bulletin
} 1-0

[Event "Lloyds Bank Masters 05th"]
[Site "London"]
[Date "1981.08.26"]
[Round "2"]
[White "Keene, Raymond Dennis"]
[Black "O'Brien, Richard W"]
[Result "1-0"]
[WhiteElo "2475"]
[BlackElo "2070"]
[PlyCount "90"]
[EventDate "1981.08.25"]
[EventType "swiss"]
[EventRounds "9"]
[EventCountry "ENG"]
[SourceTitle "BritBase"]
[Source "John Saunders"]
[SourceDate "2023.12.16"]
[SourceVersion "1"]
[SourceVersionDate "2023.12.16"]
[SourceQuality "1"]

1. d4 Nf6 2. c4 e6 3. Nc3 Bb4 4. e3 O-O 5. Bd3 d5 6. a3 Bxc3+ 7. bxc3 c5 8.
cxd5 exd5 9. Ne2 Nc6 10. O-O Re8 11. f3 b6 12. Ng3 g6 13. Ra2 Na5 14. Re2 h5
15. Qe1 Nb3 16. Bb2 cxd4 17. cxd4 Bb7 18. Qb1 h4 19. Nh1 Rc8 20. Nf2 Rc7 21.
Qe1 Nh5 22. Ng4 Qc8 23. Qxh4 Nc1 24. Bxc1 Rxc1 25. Bb5 Rxf1+ 26. Kxf1 Re6 27.
Kf2 a6 28. Bd3 b5 29. Ne5 Qf8 30. Bf5 Qe7 31. Qxe7 Rxe7 32. Bb1 Rc7 33. Rb2 Nf6
34. Bc2 Ne8 35. a4 Nd6 36. axb5 Nxb5 37. Nd3 Na3 38. Nc5 Bc8 39. Bd3 Nc4 40.
Bxc4 dxc4 41. Rc2 Be6 42. Nxa6 Ra7 43. Nc5 Rc7 44. Ke2 Kf8 45. Kd2 Ke7 1-0

[Event "Lloyds Bank Masters 05th"]
[Site "London"]
[Date "1981.08.26"]
[Round "2"]
[White "Knott, Simon John Bradley"]
[Black "Gobet, Fernand"]
[Result "1-0"]
[WhiteElo "2265"]
[BlackElo "2210"]
[PlyCount "67"]
[EventDate "1981.08.25"]
[EventType "swiss"]
[EventRounds "9"]
[EventCountry "ENG"]
[SourceTitle "BritBase"]
[Source "John Saunders"]
[SourceDate "2023.12.16"]
[SourceVersion "1"]
[SourceVersionDate "2023.12.16"]
[SourceQuality "1"]

1. c4 e6 2. Nc3 Nf6 3. Nf3 Bb4 4. Qc2 O-O 5. a3 Bxc3 6. Qxc3 b6 7. b4 Bb7 8.
Bb2 d6 9. e3 e5 10. d3 Nbd7 11. Be2 Qe7 12. O-O a5 13. d4 e4 14. Nd2 Rfe8 15.
Rae1 axb4 16. axb4 b5 17. cxb5 Nd5 18. Qb3 N7b6 19. Nc4 Ra4 20. Bc3 Rea8 21.
Na5 Bc8 22. Bd2 Bd7 23. f3 exf3 24. Bxf3 Qe6 25. e4 Nf6 26. d5 Qe8 27. e5 dxe5
28. Bc3 Bxb5 29. Rxe5 Qb8 30. Rfe1 Nc8 31. d6 cxd6 32. Rg5 d5 33. Bxf6 Qb6+ 34.
Qe3 1-0

[Event "Lloyds Bank Masters 05th"]
[Site "London"]
[Date "1981.08.26"]
[Round "2"]
[White "Martin, Andrew D"]
[Black "Botterill, George Steven"]
[Result "1-0"]
[WhiteElo "2345"]
[BlackElo "2415"]
[PlyCount "69"]
[EventDate "1981.08.25"]
[EventType "swiss"]
[EventRounds "9"]
[EventCountry "ENG"]
[SourceTitle "BritBase"]
[Source "John Saunders"]
[SourceDate "2023.12.16"]
[SourceVersion "1"]
[SourceVersionDate "2023.12.16"]
[SourceQuality "1"]

1. d4 d5 2. Nf3 Nf6 3. c4 dxc4 4. g3 a6 5. Bg2 e6 6. O-O Be7 7. a4 Nc6 8. Be3
Rb8 9. Na3 Na5 10. Ne5 Nd5 11. Naxc4 Nxc4 12. Nxc4 Nxe3 13. fxe3 O-O 14. e4 Bd7
15. Ne5 Be8 16. e3 c5 17. d5 exd5 18. exd5 Bf6 19. Ng4 Bxb2 20. Ra2 Bc3 21. Qd3
Qa5 22. Rc2 Bb4 23. Nf6+ gxf6 24. Qf5 Bd7 25. Qxd7 Rbe8 26. Qf5 Qxa4 27. Rc4 h5
28. Qxh5 Re5 29. Rg4+ Rg5 30. Rxg5+ fxg5 31. Qxg5+ Kh8 32. Be4 f5 33. Qh6+ Kg8
34. Qg6+ ({Corrected from} 34. Bxf5 {1-0}) 34... Kh8 35. Bxf5 {Source: bulletin
} 1-0

[Event "Lloyds Bank Masters 05th"]
[Site "London"]
[Date "1981.08.26"]
[Round "2"]
[White "Miles, Anthony John"]
[Black "Barua, Dibyendu"]
[Result "1/2-1/2"]
[WhiteElo "2565"]
[BlackElo "2350"]
[PlyCount "91"]
[EventDate "1981.08.25"]
[EventType "swiss"]
[EventRounds "9"]
[EventCountry "ENG"]
[SourceTitle "BritBase"]
[Source "John Saunders"]
[SourceDate "2023.12.16"]
[SourceVersion "1"]
[SourceVersionDate "2023.12.16"]
[SourceQuality "1"]

1. d4 d5 2. Nf3 a6 3. Bg5 Nf6 4. e3 Bg4 5. h3 Bh5 6. Nbd2 Ne4 7. Nxe4 dxe4 8.
g4 exf3 9. gxh5 Qd5 10. Rg1 e6 11. h6 Rg8 12. Bf4 g5 13. h4 g4 14. Bd3 f5 15.
c3 Bd6 16. Bxd6 Qxd6 17. Qb3 Nd7 18. Bxf5 Ke7 19. Bxh7 Rh8 20. Bd3 Nf6 21. e4
Qf4 22. e5 Nd5 23. h7 Rad8 24. Rd1 Rhf8 25. Rg3 b6 26. Qc4 Ne3 27. Qxc7+ Rd7
28. Qxb6 Ng2+ 29. Kf1 Ne3+ 30. fxe3 Qxg3 31. Qc5+ Kf7 32. Qxf8+ Kxf8 33. h8=Q+
Kf7 34. Rd2 Qh3+ 35. Ke1 Qh1+ 36. Bf1 g3 37. Qh5+ Kf8 38. Qh8+ Kf7 39. Qf6+ Kg8
40. Qxe6+ Rf7 41. Qg6+ Rg7 42. Qe8+ Kh7 43. Qh5+ Kg8 44. Qe8+ Kh7 45. e6 g2 46.
Qh5+ 1/2-1/2

[Event "Lloyds Bank Masters 05th"]
[Site "London"]
[Date "1981.08.26"]
[Round "2"]
[White "Nokes, Roger I"]
[Black "Shamkovich, Leonid A"]
[Result "1/2-1/2"]
[WhiteElo "2310"]
[BlackElo "2500"]
[PlyCount "87"]
[EventDate "1981.08.25"]
[EventType "swiss"]
[EventRounds "9"]
[EventCountry "ENG"]
[SourceTitle "BritBase"]
[Source "John Saunders"]
[SourceDate "2023.12.16"]
[SourceVersion "1"]
[SourceVersionDate "2023.12.16"]
[SourceQuality "1"]

1. e4 c5 2. Nf3 e6 3. d4 cxd4 4. Nxd4 a6 5. Nc3 Qc7 6. Bd3 Nc6 7. Be3 Nf6 8.
O-O b5 9. a3 Bb7 10. Nb3 Ne5 11. f4 Nc4 12. Bxc4 bxc4 13. Nd2 d6 14. Qe2 Rc8
15. Rae1 Be7 16. Bd4 e5 17. Be3 O-O 18. Kh1 Rfe8 19. fxe5 dxe5 20. Qf2 Bf8 21.
Qh4 Re6 22. Rf3 Ne8 23. Rh3 h6 24. Nf3 Bc5 25. Nd5 Bxd5 26. exd5 Rf6 27. Bxc5
Qxc5 28. Rxe5 c3 29. b4 Qb5 30. Qe1 Nd6 31. Rh4 Qa4 32. Nd4 Rc4 33. h3 Qxa3 34.
Re8+ Nxe8 35. Qxe8+ Kh7 36. Ne6 fxe6 37. Rxc4 exd5 38. Rc8 Qc1+ 39. Kh2 Qf4+
40. Kh1 Qd4 41. Qg8+ Kg6 42. Qe8+ Kh7 43. Qg8+ Kg6 44. Qe8+ 1/2-1/2

[Event "Lloyds Bank Masters 05th"]
[Site "London"]
[Date "1981.08.26"]
[Round "2"]
[White "Pagden, Michael Ashley"]
[Black "Iclicki, Willy"]
[Result "1-0"]
[WhiteElo "2290"]
[BlackElo "2025"]
[PlyCount "37"]
[EventDate "1981.08.25"]
[EventType "swiss"]
[EventRounds "9"]
[EventCountry "ENG"]
[SourceTitle "BritBase"]
[Source "John Saunders"]
[SourceDate "2023.12.16"]
[SourceVersion "1"]
[SourceVersionDate "2023.12.16"]
[SourceQuality "1"]

1. c4 Nf6 2. Nc3 c6 3. e4 d5 4. exd5 cxd5 5. cxd5 Nxd5 6. Bc4 e6 7. Nf3 Be7 8.
O-O O-O 9. d4 a6 10. a4 Nxc3 11. bxc3 Qc7 12. Qd3 Nd7 13. Re1 Nf6 14. Bg5 b6
15. Rac1 Bb7 16. Ba2 Rac8 17. Ne5 Rfd8 18. Qh3 Ne8 19. Nxf7 1-0

[Event "Lloyds Bank Masters 05th"]
[Site "London"]
[Date "1981.08.26"]
[Round "2"]
[White "Rumens, David E"]
[Black "Ginsburg, Mark"]
[Result "1-0"]
[WhiteElo "2355"]
[BlackElo "2335"]
[PlyCount "39"]
[EventDate "1981.08.25"]
[EventType "swiss"]
[EventRounds "9"]
[EventCountry "ENG"]
[SourceTitle "BritBase"]
[Source "John Saunders"]
[SourceDate "2023.12.16"]
[SourceVersion "1"]
[SourceVersionDate "2023.12.16"]
[SourceQuality "1"]

1. e4 c5 2. f4 g6 3. Bc4 Bg7 4. Nf3 Nc6 5. O-O d6 6. Qe1 a6 7. d3 Nf6 8. Nc3
Nd4 9. Bb3 e6 10. f5 Qe7 11. fxe6 Bxe6 12. Nxd4 cxd4 13. Ne2 Nd7 14. Qf2 Ne5
15. Nxd4 Ng4 16. Nxe6 Nxf2 17. Nxg7+ Kd7 18. Rxf2 Raf8 19. Bd2 Kc8 20. Raf1 1-0

[Event "Lloyds Bank Masters 05th"]
[Site "London"]
[Date "1981.08.26"]
[Round "2"]
[White "Seirawan, Yasser"]
[Black "King, Daniel John"]
[Result "1-0"]
[WhiteElo "2565"]
[BlackElo "2320"]
[PlyCount "75"]
[EventDate "1981.08.25"]
[EventType "swiss"]
[EventRounds "9"]
[EventCountry "ENG"]
[SourceTitle "BritBase"]
[Source "John Saunders"]
[SourceDate "2023.12.16"]
[SourceVersion "1"]
[SourceVersionDate "2023.12.16"]
[SourceQuality "1"]

1. c4 e5 2. Nc3 Nf6 3. e3 Bb4 4. Nge2 O-O 5. a3 Bxc3 6. Nxc3 d5 7. cxd5 Nxd5 8.
Be2 c5 9. Qc2 Be6 10. O-O Qe7 11. b3 Nc6 12. Na4 Rac8 13. Bb2 b6 14. Rac1 Qg5
15. Nc3 Nd4 16. exd4 cxd4 17. g3 dxc3 18. dxc3 Nf4 19. Bf3 f5 20. Kh1 Nh3 21.
c4 e4 22. Bg2 Qh5 23. Rce1 Ng5 24. h4 f4 25. Bxe4 Nxe4 26. Qxe4 Rce8 27. Qe5
Qf3+ 28. Kh2 Rf7 29. Bc1 Qxb3 30. Bxf4 Qxc4 31. Kg1 ({Corrected from} 31. Rg1
Bd7 32. Qd6 Qc6 33. Rxe8+ Bxe8 34. Qb8 a5 35. Re1 Rf8 36. Bd6 Qc3 (36... Rxf2+
{would now win for Black}) 37. Rxe8 {is the version given in the bulletin,
continuing 37...Qc1+ 38 Kh2 1-0.}) 31... Bd7 32. Qd6 Qc6 33. Rxe8+ Bxe8 34. Qb8
a5 35. Re1 Rf8 36. Bd6 Qc3 37. Rxe8 Qc1+ 38. Kh2 {Source: Mega Database 2022 
(correcting the score given in the original bulletin)} 1-0

[Event "Lloyds Bank Masters 05th"]
[Site "London"]
[Date "1981.08.26"]
[Round "2"]
[White "Shutler, Stephen J"]
[Black "Carleton, John Joseph"]
[Result "0-1"]
[WhiteElo "2185"]
[BlackElo "2305"]
[PlyCount "88"]
[EventDate "1981.08.25"]
[EventType "swiss"]
[EventRounds "9"]
[EventCountry "ENG"]
[SourceTitle "BritBase"]
[Source "John Saunders"]
[SourceDate "2023.12.16"]
[SourceVersion "1"]
[SourceVersionDate "2023.12.16"]
[SourceQuality "1"]

1. e4 e6 2. d4 d5 3. e5 c5 4. c3 Qb6 5. Nf3 Nc6 6. a3 c4 7. g3 Bd7 8. Bh3 O-O-O
9. O-O Be7 10. Nbd2 Na5 11. Ne1 h5 12. f4 Nh6 13. Nef3 Rdg8 14. Re1 Qd8 15. Qe2
g6 16. b3 cxb3 17. c4 dxc4 18. Nxc4 Bc6 19. Nxa5 Qxa5 20. Bb2 Kb8 21. Nd2 Rc8
22. Rec1 Bd5 23. Bg2 Rc2 24. Rxc2 bxc2 25. Bxd5 Qxd5 26. Qc4 Rc8 27. Qxd5 exd5
28. Nf3 Nf5 29. Kf2 b5 30. Rc1 b4 31. axb4 Bxb4 32. h3 h4 33. gxh4 a5 34. Ke2
Ng3+ 35. Kd3 Nh5 36. Ng5 Rc7 37. Nf3 Nxf4+ 38. Ke3 Ne6 39. Nd2 Bf8 40. Kd3 a4
41. Nf1 a3 42. Ba1 Bb4 43. Ke3 a2 44. Nd2 Ba3 0-1

[Event "Lloyds Bank Masters 05th"]
[Site "London"]
[Date "1981.08.26"]
[Round "2"]
[White "Small, Simon W"]
[Black "Smyslov, Vassily V"]
[Result "0-1"]
[WhiteElo "2115"]
[BlackElo "2580"]
[PlyCount "78"]
[EventDate "1981.08.25"]
[EventType "swiss"]
[EventRounds "9"]
[EventCountry "ENG"]
[SourceTitle "BritBase"]
[Source "John Saunders"]
[SourceDate "2023.12.16"]
[SourceVersion "1"]
[SourceVersionDate "2023.12.16"]
[SourceQuality "1"]

1. Nf3 f5 2. d4 Nf6 3. g3 g6 4. Bg2 Bg7 5. O-O O-O 6. c4 d6 7. Nc3 Nc6 8. d5
Na5 9. Qa4 c5 10. dxc6 Nxc6 11. Rd1 Ne4 12. Qa3 Be6 13. Nd5 h6 14. Be3 Bf7 15.
Rac1 Kh7 16. b4 e6 17. Nf4 g5 18. Nd3 Qc7 19. b5 Ne7 20. c5 Nd5 21. cxd6 Qxd6
22. Bc5 Nxc5 23. Qxc5 Qxc5 24. Nxc5 Nc3 25. Rd2 Rac8 26. Nb3 Nxb5 27. Rxc8 Rxc8
28. h4 g4 29. Ne1 Rc7 30. Nd3 b6 31. Nf4 a5 32. e3 e5 33. Nd5 Bxd5 34. Rxd5 Nc3
35. Rd8 a4 36. Nd2 e4 37. Bf1 b5 38. a3 h5 39. Rb8 Rd7 0-1